<?xml version="1.0" encoding="UTF-8"?>
<record
    xmlns:xsi="http://www.w3.org/2001/XMLSchema-instance"
    xsi:schemaLocation="http://www.loc.gov/MARC21/slim http://www.loc.gov/standards/marcxml/schema/MARC21slim.xsd"
    xmlns="http://www.loc.gov/MARC21/slim">

  <leader>00868cam a22002651  4500</leader>
  <controlfield tag="001">sa 66000857 </controlfield>
  <controlfield tag="003">DLC</controlfield>
  <controlfield tag="005">20260227112217.0</controlfield>
  <controlfield tag="008">900302s1964    ii       b    000 0 sano </controlfield>
  <datafield tag="010" ind1=" " ind2=" ">
    <subfield code="a">sa 66000857 </subfield>
  </datafield>
  <datafield tag="035" ind1=" " ind2=" ">
    <subfield code="a">(OCoLC)21156493</subfield>
  </datafield>
  <datafield tag="040" ind1=" " ind2=" ">
    <subfield code="a">DLC</subfield>
    <subfield code="c">WaU</subfield>
    <subfield code="d">DLC</subfield>
  </datafield>
  <datafield tag="050" ind1="0" ind2="0">
    <subfield code="a">PK3121</subfield>
    <subfield code="b">.S3 1964</subfield>
  </datafield>
  <datafield tag="130" ind1="0" ind2=" ">
    <subfield code="a">S&#x101;mavidh&#x101;nabr&#x101;hma&#x1E47;a.</subfield>
  </datafield>
  <datafield tag="245" ind1="1" ind2="0">
    <subfield code="a">S&#x101;mavidh&#x101;nabr&#x101;hma&#x1E47;am.</subfield>
  </datafield>
  <datafield tag="260" ind1=" " ind2=" ">
    <subfield code="c">1964.</subfield>
  </datafield>
  <datafield tag="300" ind1=" " ind2=" ">
    <subfield code="a">4, xxii, 316 p.</subfield>
    <subfield code="c">25 cm.</subfield>
  </datafield>
  <datafield tag="440" ind1=" " ind2="0">
    <subfield code="a">Kendr&#x12B;yasa&#x1E43;skr&#x325;tavidyap&#x12B;&#x1E6D;hagrantham&#x101;l&#x101; ;</subfield>
    <subfield code="v">no. 1</subfield>
  </datafield>
  <datafield tag="500" ind1=" " ind2=" ">
    <subfield code="a">Added t. p. in English.</subfield>
  </datafield>
  <datafield tag="500" ind1=" " ind2=" ">
    <subfield code="a">In Sanskrit; foreword and introd. in English.</subfield>
  </datafield>
  <datafield tag="504" ind1=" " ind2=" ">
    <subfield code="a">Bibliographical footnotes.</subfield>
  </datafield>
  <datafield tag="700" ind1="1" ind2=" ">
    <subfield code="a">Sharma, Bellikoth Ramachandra,</subfield>
    <subfield code="d">1912-</subfield>
  </datafield>
  <datafield tag="700" ind1="0" ind2=" ">
    <subfield code="a">S&#x101;ya&#x1E47;a,</subfield>
    <subfield code="d">-1387.</subfield>
    <subfield code="t">M&#x101;dhav&#x12B;yaved&#x101;rthapraka&#x15B;a.</subfield>
  </datafield>
  <datafield tag="700" ind1="0" ind2=" ">
    <subfield code="a">Bharatasv&#x101;m&#x12B;n,</subfield>
    <subfield code="d">active 13th century.</subfield>
    <subfield code="t">Pad&#x101;rtham&#x101;travivr&#x325;ti.</subfield>
  </datafield>
  <datafield tag="999" ind1=" " ind2=" ">
    <subfield code="c">67456</subfield>
    <subfield code="d">67456</subfield>
  </datafield>
</record>
